Vol. 14, № 7; Applied Physics Letters

গ্রন্থ-পঞ্জীর বিবরন
Parent link:Applied Physics Letters: журнал. Vol. 14, № 7.— , 1969-1974. 1995-1999.— 0003-6951
ভাষা:ইংরেজি
প্রকাশিত: 1969
বিন্যাস: গ্রন্থ
KOHA link:https://koha.lib.tpu.ru/cgi-bin/koha/opac-detail.pl?biblionumber=568368

MARC

LEADER 00000nam2a2200000 4500
001 568368
005 20231101124540.0
035 |a (RuTPU)RU\TPU\prd\265511 
035 |a RU\TPU\prd\265491 
090 |a 568368 
100 |a 20161117c19699999k y0engy50 ba 
101 0 |a eng 
102 |a US 
200 0 |a Vol. 14, № 7 
210 |d 1969 
461 1 |0 (RuTPU)RU\TPU\prd\22  |x 0003-6951  |t Applied Physics Letters  |o журнал  |v Vol. 14, № 7  |d 1969-1974. 1995-1999 
801 0 |a RU  |b 63413507  |c 20010227  |g PSBO 
801 1 |a RU  |b 63413507  |c 20020228  |g PSBO 
801 2 |a RU  |b 63413507  |c 20230622  |g PSBO 
942 |c BK 
999 |a НТБ_ТПУ  |b НФ  |e -19/20160111  |p П-4791  |u 0,00  |v 1  |x 12098